000 00648nam a22002177a 4500
003 UA-OsUOA
001 119808
007 ta
008 20161118b un ||||| |||| 00| 0 ukr d
100 _aНікішин А.О.
090 _a330(477)
_bН71
942 _cSA
040 _aUA-OsUOA
_bukr
_cUA-OsUOA
_dUA-OsUOA
245 _aПодаткова політика стимулювання розвитку людського капіталу
300 _aС.113-128
955 _a0
041 _aukr
080 _a330(477)
773 0 _w119802
_tФінанси України
_dК.
_d2016
_g10
650 7 _a330 Економіка взагалі
_2UDC
999 _c406027
_d406027